| 000 | 00925cam a2200301 a 4500 | ||
|---|---|---|---|
| 001 | 1165447 | ||
| 003 | OSt | ||
| 005 | 20140310184337.0 | ||
| 008 | 961231s1997 nyua b 000 1 eng | ||
| 010 | _a 96054895 | ||
| 020 | _a0590386662 | ||
| 040 |
_aDLC _cDLC _dDLC |
||
| 042 | _alcac | ||
| 050 | 0 | 0 |
_aPZ 7 _b.Sh5294Mi 1999 |
| 100 | 1 |
_aShapiro, Arnold, _d1934- _924222 |
|
| 240 | 1 | 0 | _aI speak, I say, I talk |
| 245 | 1 | 0 |
_aMice squeak, we speak / _cA poem by Arnold L. Shapiro. |
| 260 |
_aNew York : _bPutnam, _c1999. |
||
| 300 |
_bcol. ill. ; _c26 cm. |
||
| 521 | _aBR | ||
| 526 | _cBR | ||
| 650 | 1 |
_aAnimal sounds _vFiction. _924223 |
|
| 700 | 1 |
_aDePaola, Tomie, _d1934- _eill. _924224 |
|
| 906 |
_a7 _bcbc _corignew _d1 _eocip _f19 _gy-gencatlg |
||
| 942 |
_2lcc _cBK-SCHOLAS |
||
| 999 |
_c33758 _d33758 |
||